A Manual for Writers of Research Papers, Theses, and Dissertations: (Record no. 592304)
[ view plain ]
| 000 -LEADER | |
|---|---|
| fixed length control field | 00736nam a22001577a 4500 |
| 003 - CONTROL NUMBER IDENTIFIER | |
| control field | NUST |
| 020 ## - INTERNATIONAL STANDARD BOOK NUMBER | |
| International Standard Book Number | 978-0-226-430578-7 |
| 082 ## - DEWEY DECIMAL CLASSIFICATION NUMBER | |
| Classification number | 808.066378, TUR |
| 100 ## - MAIN ENTRY--PERSONAL NAME | |
| Personal name | Turabian, Kate L. |
| 9 (RLIN) | 7447 |
| 245 ## - TITLE STATEMENT | |
| Title | A Manual for Writers of Research Papers, Theses, and Dissertations: |
| Remainder of title | Chicago Style for Students and Researchers / |
| Statement of responsibility, etc. | Kate L. Turabian |
| Medium | Revised by Wayne C. Booth, Gregory G. Colomb, Joseph M. Williams, Joseph Bizup, William T. FitzGerald, and the University of Chicago Press Editorial Staff |
| 250 ## - EDITION STATEMENT | |
| Edition statement | 9th Edition |
| 260 ## - PUBLICATION, DISTRIBUTION, ETC. | |
| Place of publication, distribution, etc. | London |
| Name of publisher, distributor, etc. | Chicago Press |
| Date of publication, distribution, etc. | 2018 |
| 300 ## - PHYSICAL DESCRIPTION | |
| Extent | xv, 462: pages |
| 505 ## - FORMATTED CONTENTS NOTE | |
| Formatted contents note | Part-1: Research and Writing (Page-1), Part-2: Source Citation (Page-137), Part-3: Style (Page-291). |
| 942 ## - ADDED ENTRY ELEMENTS (KOHA) | |
| Source of classification or shelving scheme | |
| Koha item type | Book |
| Withdrawn status | Lost status | Source of classification or shelving scheme | Damaged status | Not for loan | Permanent Location | Current Location | Shelving location | Date acquired | Full call number | Barcode | Date last seen | Price effective from | Koha item type | Public note |
|---|---|---|---|---|---|---|---|---|---|---|---|---|---|---|
| Military College of Signals (MCS) | Military College of Signals (MCS) | General Stacks | 11/15/2022 | 808.066378,TUR | MCS38157 | 11/15/2022 | 11/15/2022 | Book | Almirah Fresh No.45, Shelf No.6 |
